| 000 | 00487nam a2200145Ia 4500 | ||
|---|---|---|---|
| 003 | OSt | ||
| 005 | 20260130152401.0 | ||
| 008 | 211028s2018 xx 000 0 und d | ||
| 040 | _cAIMIT LIBRARY | ||
| 041 | _aeng | ||
| 100 |
_aVarghese S M; Harinakshi. _g1616212 _97964 |
||
| 245 | _aMotivations and gratification of television entertainment programs of various genre: an empirical study on goodness TV viewers in Kerala / | ||
| 260 |
_aMangalore _bHarinakshi. _c2018 |
||
| 942 |
_2ddc _cPRO |
||
| 999 |
_c219532 _d219532 |
||